000 01385nam a2200289 a 4500
001 000006577
005 20200929153944.0
008 090826s2006 dr 001 0 spa d
040 _aDO-SdBNP
_bspa
_cBNPHU
082 _a323.445
_bR426L, 2006
110 1 _aRepública Dominicana.
_9447
240 1 2 _a[Leyes, etc.]
245 1 0 _aLey general de libre acceso a la información pública y reglamento de aplicación /
_cprólogo José Tomás Pérez ; presentación José Alfredo Rizek Vidal.
246 1 3 _aLey general sobre libre acceso a la información pública nº. 200-04
246 1 3 _aDecreto No. 130-05 que aprueba el reglamento de la ley general de libre acceso a l a información pública.
250 _a3ª ed.
260 _aSanto Domingo :
_bFINJUS,
_c2006.
300 _a81 p. ;
_c22 cm.
505 0 _gPrólogo --
_gPresentación --
_tLey general sobre libre acceso a la información pública --
_tReglamento de aplicación de la Ley General de libre acceso a la información pública.
590 _aInventariado, 2018/BT
650 4 _aAcceso a la información
_xLegislación
_917043
650 4 _aPolítica de información
_zRepública Dominicana
_917044
651 4 _aRepública Dominicana
_xLey 200-04
_917045
700 1 _aPérez, José Tomás,
_epról.
_917046
700 1 _aFundación Institucionalidad y Justicia
_918260
910 _aValidado. Control de calidad. EMS
999 _c6368
_d6368